| 000 | 00610nam a22001937a 4500 | ||
|---|---|---|---|
| 999 |
_c182538 _d182538 |
||
| 005 | 20211122104019.0 | ||
| 010 | _aUR-11331 | ||
| 020 |
_c98.00 _a- |
||
| 035 | _aU-9886 | ||
| 037 | _bDBAD/PUB | ||
| 082 | _a841 | ||
| 100 | _aکو ثر صد يقی | ||
| 245 |
_aقر طا س و قلم (ر با عی) _cکو ثر صد يقی |
||
| 246 |
_aQuirtaas-o-Qualam (Urdu) _bby Kausar Siddiqui |
||
| 260 |
_aN.Delhi _c2020 ء _bEducational Publishing House |
||
| 270 |
_aD1/16,Ansari Road,Darya Ganj, _bNew Delhi _e110002 _l - |
||
| 300 |
_a144 ص _c22 Cm(Hb) |
||
| 942 |
_2ddc _cUR _h841 _mص د ی |
||